000 00531nam a2200169Ia 4500
003 GCL
008 140319s9999 xx 000 0 ara d
040 _aGCL /
_cGCL
082 0 4 _a214.6
_bم ط
100 1 _aمحمد محمود عبدالله
245 1 0 _aمع الطب فى القران بين تشخيص الداء ومعرفة الدواء /
_cمحمد محمود عبدالله
300 _a112 ص
490 _aكتاب
_v0
650 0 4 _aالقران والطب
650 0 4 _aتشخيص الامراض
942 _2ddc
_cBK
999 _c42700
_d42700